[Event "Chessable Masters - Torneo preliminare"]
[White "Hambleton, Aman"]
[Black "Guseinov, Gadir"]
[WhiteFideId "2606577"]
[BlackFideId "13401378"]
[WhiteElo "2447"]
[BlackElo "2632"]
[Result "1-0"]
[Round "3"]
[TimeControl "600+2"]
[Date "2023.03.13"]
[WhiteClock "0:00:11"]
[BlackClock "0:03:37"]

1. d4 {[%clk 0:10:01]}  Nf6 {[%clk 0:09:59]} 2. c4 {[%clk 0:10:01]}  g6 {[%clk 0:10:00]} 3. Nc3 {[%clk 0:10:02]}  Bg7 {[%clk 0:10:01]} 4. e4 {[%clk 0:10:04]}  d6 {[%clk 0:10:03]} 5. f3 {[%clk 0:10:04]}  O-O {[%clk 0:10:04]} 6. Be3 {[%clk 0:10:05]}  a6 {[%clk 0:10:05]} 7. Qd2 {[%clk 0:10:06]}  Nc6 {[%clk 0:10:06]} 8. Nge2 {[%clk 0:10:07]}  Bd7 {[%clk 0:10:07]} 9. Rc1 {[%clk 0:10:08]}  b5 {[%clk 0:10:07]} 10. Ng3 {[%clk 0:08:25]}  e5 {[%clk 0:10:03]} 11. d5 {[%clk 0:08:26]}  Nd4 {[%clk 0:10:05]} 12. Nce2 {[%clk 0:08:27]}  c5 {[%clk 0:09:21]} 13. dxc6 {[%clk 0:08:27]}  Nxc6 {[%clk 0:09:22]} 14. Nc3 {[%clk 0:08:17]}  b4 {[%clk 0:09:15]} 15. Nd5 {[%clk 0:08:16]}  Nxd5 {[%clk 0:09:14]} 16. cxd5 {[%clk 0:07:38]}  Nd4 {[%clk 0:09:15]} 17. Bd3 {[%clk 0:07:38]}  f5 {[%clk 0:09:09]} 18. O-O {[%clk 0:07:38]}  a5 {[%clk 0:08:43]} 19. Ne2 {[%clk 0:07:32]}  Qb6 {[%clk 0:07:56]} 20. Nxd4 {[%clk 0:07:09]}  exd4 {[%clk 0:07:56]} 21. Bf2 {[%clk 0:07:11]}  fxe4 {[%clk 0:07:41]} 22. Bxe4 {[%clk 0:07:06]}  Bf5 {[%clk 0:07:21]} 23. Rc6 {[%clk 0:06:29]}  Qa7 {[%clk 0:07:03]} 24. Rfc1 {[%clk 0:05:14]}  Qe7 {[%clk 0:06:11]} 25. Bxd4 {[%clk 0:03:05]}  Bxe4 {[%clk 0:06:02]} 26. Rc7 {[%clk 0:03:00]}  Bxd4+ {[%clk 0:06:00]} 27. Qxd4 {[%clk 0:03:02]}  Qf6 {[%clk 0:05:57]} 28. Qxf6 {[%clk 0:03:00]}  Rxf6 {[%clk 0:05:59]} 29. fxe4 {[%clk 0:03:02]}  Rf4 {[%clk 0:05:54]} 30. Re7 {[%clk 0:02:32]}  Raf8 {[%clk 0:05:54]} 31. h3 {[%clk 0:02:33]}  R8f7 {[%clk 0:05:44]} 32. Rc8+ {[%clk 0:01:55]}  Kg7 {[%clk 0:05:40]} 33. Rcc7 {[%clk 0:01:57]}  Rxe7 {[%clk 0:05:37]} 34. Rxe7+ {[%clk 0:01:59]}  Kf8 {[%clk 0:05:20]} 35. Re6 {[%clk 0:01:56]}  Kf7 {[%clk 0:05:16]} 36. b3 {[%clk 0:01:07]}  h5 {[%clk 0:04:35]} 37. g3 {[%clk 0:01:06]}  Rf3 {[%clk 0:04:36]} 38. Kg2 {[%clk 0:01:07]}  Rd3 {[%clk 0:04:32]} 39. Rxd6 {[%clk 0:01:07]}  Rd2+ {[%clk 0:04:33]} 40. Kf3 {[%clk 0:01:09]}  Rxa2 {[%clk 0:04:35]} 41. Kf4 {[%clk 0:00:47]}  g5+ {[%clk 0:03:55]} 42. Ke5 {[%clk 0:00:15]}  Rg2 {[%clk 0:03:50]} 43. Ra6 {[%clk 0:00:10]}  Rxg3 {[%clk 0:03:50]} 44. Ra7+ {[%clk 0:00:11]}  Kg6 {[%clk 0:03:50]} 45. d6 {[%clk 0:00:10]}  g4 {[%clk 0:03:46]} 46. hxg4 {[%clk 0:00:09]}  h4 {[%clk 0:03:38]} 47. d7 {[%clk 0:00:09]}  Rd3 {[%clk 0:03:38]} 48. Ra6+ {[%clk 0:00:09]}  Kf7 {[%clk 0:03:37]} 49. Rd6 {[%clk 0:00:11]} 1-0


[Site "Internet"]

[Event "Chessable Masters - Torneo preliminare"]
[White "Weetik, Vjacheslav"]
[Black "Cuenca Jimenez, Jose Fernando"]
[WhiteFideId "4153472"]
[BlackFideId "2255570"]
[WhiteElo "2445"]
[BlackElo "2455"]
[Result "1-0"]
[Round "3"]
[TimeControl "600+2"]
[Date "2023.03.13"]
[WhiteClock "0:01:37"]
[BlackClock "0:01:41"]

1. d4 {[%clk 0:09:50]}  Nf6 {[%clk 0:09:56]} 2. c4 {[%clk 0:09:50]}  e6 {[%clk 0:09:57]} 3. g3 {[%clk 0:09:45]}  d5 {[%clk 0:09:52]} 4. Nf3 {[%clk 0:09:43]}  Bb4+ {[%clk 0:09:53]} 5. Bd2 {[%clk 0:09:43]}  Be7 {[%clk 0:09:53]} 6. Bg2 {[%clk 0:09:45]}  c6 {[%clk 0:09:53]} 7. Qc2 {[%clk 0:09:37]}  b6 {[%clk 0:09:53]} 8. O-O {[%clk 0:09:37]}  Nbd7 {[%clk 0:09:54]} 9. Rd1 {[%clk 0:09:30]}  Bb7 {[%clk 0:09:54]} 10. Bf4 {[%clk 0:09:29]}  Rc8 {[%clk 0:09:54]} 11. Nc3 {[%clk 0:09:25]}  dxc4 {[%clk 0:09:53]} 12. e4 {[%clk 0:09:19]}  b5 {[%clk 0:09:39]} 13. h3 {[%clk 0:08:20]}  a6 {[%clk 0:09:34]} 14. g4 {[%clk 0:08:14]}  O-O {[%clk 0:09:29]} 15. g5 {[%clk 0:08:01]}  Nh5 {[%clk 0:09:27]} 16. Be3 {[%clk 0:08:00]}  Qc7 {[%clk 0:09:15]} 17. e5 {[%clk 0:06:47]}  c5 {[%clk 0:09:00]} 18. d5 {[%clk 0:06:44]}  Nxe5 {[%clk 0:05:57]} 19. Nxe5 {[%clk 0:06:29]}  Qxe5 {[%clk 0:05:59]} 20. d6 {[%clk 0:06:31]}  Bxd6 {[%clk 0:05:58]} 21. Bxb7 {[%clk 0:06:07]}  Qh2+ {[%clk 0:05:53]} 22. Kf1 {[%clk 0:06:08]}  Ng3+ {[%clk 0:05:29]} 23. Ke1 {[%clk 0:05:57]}  Rcd8 {[%clk 0:05:25]} 24. Kd2 {[%clk 0:04:28]}  Nf5 {[%clk 0:03:18]} 25. Kc1 {[%clk 0:04:02]}  Bf4 {[%clk 0:02:09]} 26. Be4 {[%clk 0:02:50]}  Bxe3+ {[%clk 0:01:45]} 27. fxe3 {[%clk 0:02:49]}  Qxh3 {[%clk 0:01:42]} 28. Bxf5 {[%clk 0:02:04]}  Qxe3+ {[%clk 0:01:42]} 29. Kb1 {[%clk 0:02:03]}  exf5 {[%clk 0:01:43]} 30. Qxf5 {[%clk 0:01:36]}  Rxd1+ {[%clk 0:01:43]} 31. Nxd1 {[%clk 0:01:37]}  Rd8 {[%clk 0:01:41]} 32. Nxe3 {[%clk 0:01:37]} 1-0


[Site "Internet"]

[Event "Chessable Masters - Torneo preliminare"]
[White "Agrest, Evgenij"]
[Black "Sattarov, Bobir"]
[WhiteFideId "1705024"]
[BlackFideId "14203081"]
[WhiteElo "2576"]
[BlackElo "2333"]
[Result "1-0"]
[Round "3"]
[TimeControl "600+2"]
[Date "2023.03.13"]
[WhiteClock "0:01:45"]
[BlackClock "0:00:02"]

1. Nf3 {[%clk 0:09:49]}  Nf6 {[%clk 0:10:00]} 2. b3 {[%clk 0:09:49]}  d5 {[%clk 0:09:54]} 3. Bb2 {[%clk 0:09:41]}  Bg4 {[%clk 0:09:54]} 4. e3 {[%clk 0:09:40]}  Nbd7 {[%clk 0:09:54]} 5. h3 {[%clk 0:09:40]}  Bh5 {[%clk 0:09:51]} 6. d3 {[%clk 0:09:39]}  e6 {[%clk 0:09:48]} 7. Nbd2 {[%clk 0:09:32]}  Bd6 {[%clk 0:09:43]} 8. c4 {[%clk 0:09:29]}  Qe7 {[%clk 0:09:40]} 9. Be2 {[%clk 0:09:14]}  h6 {[%clk 0:09:32]} 10. Qc2 {[%clk 0:08:54]}  c6 {[%clk 0:09:30]} 11. a3 {[%clk 0:08:46]}  O-O {[%clk 0:09:09]} 12. g4 {[%clk 0:08:07]}  Bg6 {[%clk 0:09:10]} 13. Rg1 {[%clk 0:08:08]}  e5 {[%clk 0:08:59]} 14. g5 {[%clk 0:08:00]}  hxg5 {[%clk 0:08:59]} 15. Nxg5 {[%clk 0:07:59]}  e4 {[%clk 0:08:42]} 16. d4 {[%clk 0:07:16]}  c5 {[%clk 0:06:37]} 17. cxd5 {[%clk 0:06:09]}  Rfc8 {[%clk 0:06:34]} 18. dxc5 {[%clk 0:05:25]}  Nxc5 {[%clk 0:06:34]} 19. Qb1 {[%clk 0:05:25]}  Nd3+ {[%clk 0:06:17]} 20. Bxd3 {[%clk 0:05:19]}  exd3 {[%clk 0:06:19]} 21. Bd4 {[%clk 0:04:22]}  Rc2 {[%clk 0:06:10]} 22. Qd1 {[%clk 0:03:56]}  Bh2 {[%clk 0:02:46]} 23. Rg2 {[%clk 0:03:35]}  Be5 {[%clk 0:02:47]} 24. Ngf3 {[%clk 0:03:15]}  Bxd4 {[%clk 0:01:57]} 25. Nxd4 {[%clk 0:03:13]}  Rac8 {[%clk 0:01:59]} 26. Kf1 {[%clk 0:02:31]}  Nxd5 {[%clk 0:01:39]} 27. Nc4 {[%clk 0:02:11]}  Nf6 {[%clk 0:00:07]} 28. a4 {[%clk 0:01:57]}  a6 {[%clk 0:00:04]} 29. a5 {[%clk 0:01:56]}  Rc3 {[%clk 0:00:02]} 30. Kg1 {[%clk 0:01:49]}  Qe6 {[%clk 0:00:02]} 31. Nxe6 {[%clk 0:01:45]} 1-0


[Site "Internet"]

[Event "Chessable Masters - Torneo preliminare"]
[White "Sharapov, Evgeny"]
[Black "Nigmatov, Ortik"]
[WhiteFideId "14103133"]
[BlackFideId "14202131"]
[WhiteElo "2337"]
[BlackElo "2344"]
[Result "1-0"]
[Round "3"]
[TimeControl "600+2"]
[Date "2023.03.13"]
[WhiteClock "0:00:24"]
[BlackClock "0:00:04"]

1. e4 {[%clk 0:10:00]}  c5 {[%clk 0:09:58]} 2. Nf3 {[%clk 0:10:01]}  e6 {[%clk 0:09:58]} 3. d4 {[%clk 0:10:02]}  cxd4 {[%clk 0:10:00]} 4. Nxd4 {[%clk 0:10:03]}  Nf6 {[%clk 0:10:01]} 5. Nc3 {[%clk 0:10:04]}  d6 {[%clk 0:10:02]} 6. g3 {[%clk 0:10:03]}  a6 {[%clk 0:09:59]} 7. Bg2 {[%clk 0:10:03]}  Be7 {[%clk 0:10:01]} 8. O-O {[%clk 0:10:04]}  O-O {[%clk 0:10:02]} 9. a4 {[%clk 0:10:05]}  Qc7 {[%clk 0:10:01]} 10. a5 {[%clk 0:10:05]}  Nc6 {[%clk 0:10:01]} 11. Nb3 {[%clk 0:10:06]}  Ne5 {[%clk 0:09:47]} 12. f4 {[%clk 0:10:04]}  Nc4 {[%clk 0:09:48]} 13. Qe2 {[%clk 0:10:00]}  Bd7 {[%clk 0:09:42]} 14. Kh1 {[%clk 0:10:00]}  Rfc8 {[%clk 0:09:32]} 15. g4 {[%clk 0:09:59]}  b5 {[%clk 0:09:06]} 16. axb6 {[%clk 0:09:57]}  Qxb6 {[%clk 0:09:06]} 17. g5 {[%clk 0:09:54]}  Ne8 {[%clk 0:09:06]} 18. f5 {[%clk 0:09:42]}  Ne5 {[%clk 0:08:22]} 19. Be3 {[%clk 0:09:19]}  Qb7 {[%clk 0:08:20]} 20. Bf4 {[%clk 0:09:12]}  a5 {[%clk 0:07:50]} 21. fxe6 {[%clk 0:08:15]}  Bxe6 {[%clk 0:07:29]} 22. Nd5 {[%clk 0:08:03]}  Bd8 {[%clk 0:06:41]} 23. Nd4 {[%clk 0:07:36]}  Nc7 {[%clk 0:04:38]} 24. Nxc7 {[%clk 0:05:52]}  Bc4 {[%clk 0:04:34]} 25. Qh5 {[%clk 0:05:32]}  Rxc7 {[%clk 0:04:22]} 26. Rfb1 {[%clk 0:05:17]}  g6 {[%clk 0:04:11]} 27. Qd1 {[%clk 0:05:13]}  Be7 {[%clk 0:04:10]} 28. b3 {[%clk 0:05:11]}  Ba6 {[%clk 0:04:06]} 29. c4 {[%clk 0:05:11]}  Rc5 {[%clk 0:03:48]} 30. Be3 {[%clk 0:05:02]}  Qd7 {[%clk 0:03:24]} 31. Nf3 {[%clk 0:04:44]}  Nxf3 {[%clk 0:03:07]} 32. Bxc5 {[%clk 0:04:37]}  Nh4 {[%clk 0:03:05]} 33. Be3 {[%clk 0:04:19]}  Nxg2 {[%clk 0:03:04]} 34. Kxg2 {[%clk 0:04:20]}  Bb7 {[%clk 0:03:06]} 35. Qf3 {[%clk 0:04:02]}  Qe6 {[%clk 0:03:07]} 36. Qf4 {[%clk 0:03:50]}  Bxe4+ {[%clk 0:03:06]} 37. Kg1 {[%clk 0:03:51]}  Bxb1 {[%clk 0:02:57]} 38. Rxb1 {[%clk 0:03:51]}  Re8 {[%clk 0:02:48]} 39. Bd2 {[%clk 0:03:45]}  Bd8 {[%clk 0:02:47]} 40. Re1 {[%clk 0:03:42]}  Bb6+ {[%clk 0:02:32]} 41. Kg2 {[%clk 0:03:42]}  Qd7 {[%clk 0:02:31]} 42. Rxe8+ {[%clk 0:03:37]}  Qxe8 {[%clk 0:02:33]} 43. Qf3 {[%clk 0:03:32]}  Bd4 {[%clk 0:02:17]} 44. Bxa5 {[%clk 0:03:24]}  Be3 {[%clk 0:01:49]} 45. h4 {[%clk 0:03:18]}  Qe5 {[%clk 0:01:46]} 46. Kh3 {[%clk 0:02:37]}  h5 {[%clk 0:00:23]} 47. gxh6 {[%clk 0:02:28]}  Bf4 {[%clk 0:00:21]} 48. Bc3 {[%clk 0:02:03]}  Qf5+ {[%clk 0:00:22]} 49. Kg2 {[%clk 0:01:59]}  Kh7 {[%clk 0:00:23]} 50. Be1 {[%clk 0:01:24]}  Kxh6 {[%clk 0:00:20]} 51. Bf2 {[%clk 0:01:23]}  Kh7 {[%clk 0:00:12]} 52. b4 {[%clk 0:01:23]}  Qe5 {[%clk 0:00:06]} 53. b5 {[%clk 0:01:20]}  Bd2 {[%clk 0:00:04]} 54. Qxf7+ {[%clk 0:01:17]}  Kh6 {[%clk 0:00:05]} 55. b6 {[%clk 0:00:58]}  Qe4+ {[%clk 0:00:03]} 56. Qf3 {[%clk 0:00:58]}  Qxc4 {[%clk 0:00:04]} 57. b7 {[%clk 0:00:48]}  Qb4 {[%clk 0:00:06]} 58. Qf8+ {[%clk 0:00:43]}  Kh5 {[%clk 0:00:06]} 59. b8=Q {[%clk 0:00:42]}  Qg4+ {[%clk 0:00:06]} 60. Kf1 {[%clk 0:00:25]}  Qd1+ {[%clk 0:00:06]} 61. Kg2 {[%clk 0:00:26]}  Qg4+ {[%clk 0:00:08]} 62. Bg3 {[%clk 0:00:24]}  Qe2+ {[%clk 0:00:04]} 63. Qf2 {[%clk 0:00:24]} 1-0


[Site "Internet"]

[Event "Chessable Masters - Torneo preliminare"]
[White "Kaufman, Lawrence"]
[Black "Henriquez Villagra, Cristobal"]
[WhiteFideId "2000555"]
[BlackFideId "3409350"]
[WhiteElo "2233"]
[BlackElo "2574"]
[Result "0-1"]
[Round "3"]
[TimeControl "600+2"]
[Date "2023.03.13"]
[WhiteClock "0:00:02"]
[BlackClock "0:03:48"]

1. e4 {[%clk 0:09:58]}  c6 {[%clk 0:10:00]} 2. Nf3 {[%clk 0:09:56]}  d5 {[%clk 0:10:02]} 3. Nc3 {[%clk 0:09:55]}  Bg4 {[%clk 0:10:01]} 4. h3 {[%clk 0:09:54]}  Bxf3 {[%clk 0:10:02]} 5. Qxf3 {[%clk 0:09:55]}  Nf6 {[%clk 0:10:03]} 6. Be2 {[%clk 0:09:52]}  e6 {[%clk 0:09:55]} 7. O-O {[%clk 0:09:51]}  Bc5 {[%clk 0:09:50]} 8. Rd1 {[%clk 0:09:18]}  Bd4 {[%clk 0:09:26]} 9. d3 {[%clk 0:09:02]}  O-O {[%clk 0:09:22]} 10. Qg3 {[%clk 0:08:38]}  Kh8 {[%clk 0:09:07]} 11. Bf4 {[%clk 0:07:20]}  Nbd7 {[%clk 0:08:58]} 12. Bd6 {[%clk 0:07:04]}  Rg8 {[%clk 0:08:23]} 13. Kh1 {[%clk 0:05:58]}  Qb6 {[%clk 0:07:40]} 14. f4 {[%clk 0:04:20]}  Qxb2 {[%clk 0:07:31]} 15. e5 {[%clk 0:02:30]}  Ne8 {[%clk 0:06:59]} 16. Bh5 {[%clk 0:01:54]}  Nxd6 {[%clk 0:06:19]} 17. exd6 {[%clk 0:01:51]}  Qxc3 {[%clk 0:05:41]} 18. Bxf7 {[%clk 0:01:47]}  Rgf8 {[%clk 0:05:42]} 19. Bxe6 {[%clk 0:01:43]}  Nc5 {[%clk 0:05:43]} 20. Qg4 {[%clk 0:01:27]}  Rad8 {[%clk 0:04:32]} 21. d7 {[%clk 0:01:22]}  Qxc2 {[%clk 0:04:19]} 22. f5 {[%clk 0:01:01]}  Bxa1 {[%clk 0:04:13]} 23. Rxa1 {[%clk 0:01:01]}  Nxd3 {[%clk 0:04:12]} 24. Qh4 {[%clk 0:00:24]}  Nf2+ {[%clk 0:03:59]} 25. Kh2 {[%clk 0:00:17]}  Ne4 {[%clk 0:04:01]} 26. Rf1 {[%clk 0:00:11]}  Qc3 {[%clk 0:03:57]} 27. Kg1 {[%clk 0:00:03]}  Qd4+ {[%clk 0:03:58]} 28. Kh2 {[%clk 0:00:02]}  Qe5+ {[%clk 0:03:59]} 29. Kg1 {[%clk 0:00:03]}  Nf6 {[%clk 0:03:49]} 30. g4 {[%clk 0:00:02]}  Nxd7 {[%clk 0:03:48]} 0-1


[Site "Internet"]

[Event "Chessable Masters - Torneo preliminare"]
[White "Iskusnyh, Sergei"]
[Black "Christiansen, Johan-Sebastian"]
[WhiteFideId "4120027"]
[BlackFideId "1512668"]
[WhiteElo "2345"]
[BlackElo "2481"]
[Result "0-1"]
[Round "3"]
[TimeControl "600+2"]
[Date "2023.03.13"]
[WhiteClock "0:01:17"]
[BlackClock "0:05:38"]

1. d4 {[%clk 0:10:01]}  Nf6 {[%clk 0:09:58]} 2. c4 {[%clk 0:09:56]}  c5 {[%clk 0:09:54]} 3. d5 {[%clk 0:09:42]}  b5 {[%clk 0:09:55]} 4. Qc2 {[%clk 0:09:22]}  bxc4 {[%clk 0:09:50]} 5. e4 {[%clk 0:09:22]}  e6 {[%clk 0:09:51]} 6. Nc3 {[%clk 0:09:19]}  exd5 {[%clk 0:09:31]} 7. exd5 {[%clk 0:08:57]}  d6 {[%clk 0:09:32]} 8. Bxc4 {[%clk 0:08:47]}  Be7 {[%clk 0:09:33]} 9. Nge2 {[%clk 0:08:36]}  O-O {[%clk 0:09:34]} 10. O-O {[%clk 0:08:35]}  Nbd7 {[%clk 0:09:36]} 11. Nf4 {[%clk 0:08:12]}  Nb6 {[%clk 0:09:38]} 12. Be2 {[%clk 0:08:13]}  Nfd7 {[%clk 0:09:13]} 13. b3 {[%clk 0:07:59]}  Bb7 {[%clk 0:09:05]} 14. Bb2 {[%clk 0:07:57]}  Re8 {[%clk 0:09:06]} 15. Rad1 {[%clk 0:07:51]}  Bg5 {[%clk 0:09:07]} 16. Nh5 {[%clk 0:07:41]}  Bh6 {[%clk 0:09:04]} 17. Bb5 {[%clk 0:07:25]}  Rc8 {[%clk 0:08:48]} 18. Ne4 {[%clk 0:07:13]}  Qh4 {[%clk 0:08:24]} 19. Nxd6 {[%clk 0:06:35]}  Qxh5 {[%clk 0:08:15]} 20. Nxb7 {[%clk 0:06:31]}  Rc7 {[%clk 0:07:54]} 21. Nd6 {[%clk 0:05:33]}  Bf4 {[%clk 0:07:54]} 22. g3 {[%clk 0:05:05]}  Bxd6 {[%clk 0:07:54]} 23. Rfe1 {[%clk 0:05:05]}  Rf8 {[%clk 0:07:40]} 24. f4 {[%clk 0:04:55]}  Nf6 {[%clk 0:07:32]} 25. Be2 {[%clk 0:04:24]}  Qh6 {[%clk 0:07:25]} 26. Qf5 {[%clk 0:04:16]}  c4 {[%clk 0:07:22]} 27. Kg2 {[%clk 0:03:36]}  c3 {[%clk 0:07:11]} 28. Bc1 {[%clk 0:03:36]}  Qg6 {[%clk 0:07:07]} 29. Qxg6 {[%clk 0:03:20]}  hxg6 {[%clk 0:07:06]} 30. Bf3 {[%clk 0:03:11]}  Re8 {[%clk 0:06:54]} 31. Rxe8+ {[%clk 0:02:59]}  Nxe8 {[%clk 0:06:56]} 32. Rd3 {[%clk 0:02:55]}  Nf6 {[%clk 0:06:54]} 33. g4 {[%clk 0:02:54]}  c2 {[%clk 0:06:54]} 34. Kf2 {[%clk 0:01:54]}  Rc5 {[%clk 0:06:43]} 35. a3 {[%clk 0:01:49]}  Rc8 {[%clk 0:06:24]} 36. Ke2 {[%clk 0:01:38]}  Re8+ {[%clk 0:06:15]} 37. Kf2 {[%clk 0:01:37]}  Bc5+ {[%clk 0:06:13]} 38. Kf1 {[%clk 0:01:35]}  Bd6 {[%clk 0:05:42]} 39. a4 {[%clk 0:01:17]}  Bb4 {[%clk 0:05:38]} 0-1


[Site "Internet"]

[Event "Chessable Masters - Torneo preliminare"]
[White "Volkov, Sergey"]
[Black "Huschenbeth, Niclas"]
[WhiteFideId "4122763"]
[BlackFideId "24604747"]
[WhiteElo "2496"]
[BlackElo "2566"]
[Result "0-1"]
[Round "3"]
[TimeControl "600+2"]
[Date "2023.03.13"]
[WhiteClock "0:06:11"]
[BlackClock "0:01:44"]

1. d4 {[%clk 0:10:01]}  Nf6 {[%clk 0:10:00]} 2. c4 {[%clk 0:10:02]}  e6 {[%clk 0:10:01]} 3. Nc3 {[%clk 0:10:04]}  Bb4 {[%clk 0:10:00]} 4. f3 {[%clk 0:10:05]}  Nc6 {[%clk 0:09:44]} 5. e4 {[%clk 0:10:00]}  e5 {[%clk 0:09:44]} 6. a3 {[%clk 0:09:59]}  Bxc3+ {[%clk 0:09:43]} 7. bxc3 {[%clk 0:09:59]}  d6 {[%clk 0:09:42]} 8. a4 {[%clk 0:09:40]}  b6 {[%clk 0:09:30]} 9. Bd3 {[%clk 0:09:17]}  exd4 {[%clk 0:09:23]} 10. Bb2 {[%clk 0:09:16]}  dxc3 {[%clk 0:09:15]} 11. Bxc3 {[%clk 0:09:17]}  Ne5 {[%clk 0:09:01]} 12. Ne2 {[%clk 0:09:08]}  O-O {[%clk 0:07:22]} 13. O-O {[%clk 0:09:05]}  Be6 {[%clk 0:06:47]} 14. f4 {[%clk 0:08:46]}  Nxc4 {[%clk 0:05:31]} 15. f5 {[%clk 0:08:45]}  Ne3 {[%clk 0:05:32]} 16. Qc1 {[%clk 0:08:45]}  Nxf1 {[%clk 0:05:30]} 17. fxe6 {[%clk 0:08:44]}  fxe6 {[%clk 0:05:27]} 18. Qg5 {[%clk 0:08:42]}  Nxh2 {[%clk 0:04:45]} 19. Kxh2 {[%clk 0:08:31]}  h6 {[%clk 0:04:07]} 20. Qg3 {[%clk 0:07:52]}  e5 {[%clk 0:03:34]} 21. Qh3 {[%clk 0:07:31]}  Qd7 {[%clk 0:03:14]} 22. Bc4+ {[%clk 0:07:21]}  Kh8 {[%clk 0:03:13]} 23. Be6 {[%clk 0:07:20]}  Qc6 {[%clk 0:02:58]} 24. Ng3 {[%clk 0:07:02]}  Qxc3 {[%clk 0:02:54]} 25. Rf1 {[%clk 0:06:59]}  Qe3 {[%clk 0:02:29]} 26. Rf3 {[%clk 0:06:56]}  Qg5 {[%clk 0:02:30]} 27. Bf5 {[%clk 0:06:47]}  c6 {[%clk 0:02:03]} 28. Ne2 {[%clk 0:06:36]}  Qh5 {[%clk 0:02:03]} 29. Rc3 {[%clk 0:06:32]}  Qxe2 {[%clk 0:02:02]} 30. Rxc6 {[%clk 0:06:33]}  Nxe4 {[%clk 0:01:54]} 31. Rc7 {[%clk 0:06:23]}  Ng5 {[%clk 0:01:51]} 32. Qc3 {[%clk 0:06:13]}  Rxf5 {[%clk 0:01:49]} 33. Rc8+ {[%clk 0:06:13]}  Rf8 {[%clk 0:01:46]} 34. Qf3 {[%clk 0:06:11]}  Nxf3+ {[%clk 0:01:44]} 0-1


[Site "Internet"]

[Event "Chessable Masters - Torneo preliminare"]
[White "Fedoseev, Vladimir"]
[Black "Artemiev, Vladislav"]
[WhiteFideId "24130737"]
[BlackFideId "24101605"]
[WhiteElo "2752"]
[BlackElo "2735"]
[Result "1/2-1/2"]
[Round "4"]
[TimeControl "600+2"]
[Date "2023.03.13"]
[WhiteClock "0:00:50"]
[BlackClock "0:00:12"]

1. e4 {[%clk 0:09:56]}  e5 {[%clk 0:09:58]} 2. Nf3 {[%clk 0:09:56]}  Nc6 {[%clk 0:09:58]} 3. Bb5 {[%clk 0:09:57]}  Nf6 {[%clk 0:09:56]} 4. O-O {[%clk 0:09:55]}  Nxe4 {[%clk 0:09:57]} 5. Re1 {[%clk 0:09:56]}  Nd6 {[%clk 0:09:57]} 6. Nxe5 {[%clk 0:09:56]}  Be7 {[%clk 0:09:58]} 7. Bf1 {[%clk 0:09:57]}  Nxe5 {[%clk 0:09:55]} 8. Rxe5 {[%clk 0:09:58]}  O-O {[%clk 0:09:56]} 9. d4 {[%clk 0:09:59]}  Ne8 {[%clk 0:09:55]} 10. c4 {[%clk 0:09:52]}  Bf6 {[%clk 0:09:53]} 11. Re1 {[%clk 0:09:49]}  d5 {[%clk 0:09:53]} 12. cxd5 {[%clk 0:09:28]}  Qxd5 {[%clk 0:09:54]} 13. Be3 {[%clk 0:09:30]}  Be6 {[%clk 0:09:35]} 14. Nc3 {[%clk 0:09:28]}  Qa5 {[%clk 0:09:09]} 15. Rb1 {[%clk 0:07:37]}  c6 {[%clk 0:08:30]} 16. b4 {[%clk 0:06:28]}  Qd8 {[%clk 0:08:30]} 17. b5 {[%clk 0:06:26]}  Nc7 {[%clk 0:06:21]} 18. bxc6 {[%clk 0:06:23]}  bxc6 {[%clk 0:06:21]} 19. Qa4 {[%clk 0:06:22]}  Nd5 {[%clk 0:06:16]} 20. Nxd5 {[%clk 0:06:02]}  Bxd5 {[%clk 0:04:44]} 21. Rb7 {[%clk 0:05:41]}  h6 {[%clk 0:02:37]} 22. Bc4 {[%clk 0:05:09]}  Re8 {[%clk 0:02:24]} 23. Rc1 {[%clk 0:04:52]}  Bg5 {[%clk 0:00:43]} 24. Bxd5 {[%clk 0:04:12]}  Qxd5 {[%clk 0:00:42]} 25. Bxg5 {[%clk 0:03:53]}  Qxg5 {[%clk 0:00:36]} 26. Qc4 {[%clk 0:03:07]}  Re6 {[%clk 0:00:25]} 27. g3 {[%clk 0:02:54]}  Qd2 {[%clk 0:00:19]} 28. Kg2 {[%clk 0:02:17]}  Rf6 {[%clk 0:00:18]} 29. Rf1 {[%clk 0:02:11]}  Re8 {[%clk 0:00:12]} 30. Qc5 {[%clk 0:01:01]}  Re2 {[%clk 0:00:07]} 31. d5 {[%clk 0:01:02]}  cxd5 {[%clk 0:00:06]} 32. Rd7 {[%clk 0:00:56]}  Qxa2 {[%clk 0:00:05]} 33. Rxa7 {[%clk 0:00:46]}  Qd2 {[%clk 0:00:05]} 34. Rd7 {[%clk 0:00:45]}  d4 {[%clk 0:00:06]} 35. Rd8+ {[%clk 0:00:39]}  Kh7 {[%clk 0:00:07]} 36. Qxd4 {[%clk 0:00:41]}  Rexf2+ {[%clk 0:00:04]} 37. Rxf2 {[%clk 0:00:42]}  Rxf2+ {[%clk 0:00:06]} 38. Qxf2 {[%clk 0:00:44]}  Qxd8 {[%clk 0:00:07]} 39. Qxf7 {[%clk 0:00:45]}  Qd2+ {[%clk 0:00:08]} 40. Kh3 {[%clk 0:00:45]}  Qd3 {[%clk 0:00:08]} 41. Kg2 {[%clk 0:00:44]}  Qe4+ {[%clk 0:00:08]} 42. Qf3 {[%clk 0:00:44]}  Qc2+ {[%clk 0:00:09]} 43. Qf2 {[%clk 0:00:45]}  Qe4+ {[%clk 0:00:10]} 44. Qf3 {[%clk 0:00:46]}  Qc2+ {[%clk 0:00:11]} 45. Qf2 {[%clk 0:00:48]}  Qe4+ {[%clk 0:00:12]} 46. Qf3 {[%clk 0:00:50]} 1/2-1/2


[Site "Internet"]